00856nam a2200229 a 4500001001000000003000900010005001700019007000300036008004100039040003000080082002600110110005000136245008400186264006000270300002600330336002700356337003300383338002800416500007600444650003400520740007200554000048487DO-SdBNP20240503101955.0ta240503s1977 dr r 000 spa d aDO-SdBNPbspacBNPHUdrda a301.32072 bF673i222 aFondo para el Avance de las Ciencias Sociales 0aLa investigación demografica en la República Dominicana :buna evaluación aSanto Domingo :bASociación para el Desarrollo,c1977 a80 paginas. ;c28 cm. 2rdacontentatextobtxt 2rdamediaasin mediaciónbn 2rdacarrieravolumenbnc aA la cabeza del título: Fondo para el Avance de las Ciencias Sociales 4aDemografíaxInvestigaciones0 aLey orgánica de las Fuerzas Armadas de la República Dominicana.